000 01551 a2200229 4500
003 UA-OsUOA
005 20260227113537.0
008 260227b un ||||| |||| 00| 0 ukr d
020 _a9786176172188
040 _bukr
_c UA-OsUOA
080 _a821.161.2-3
090 _a821.161.2-3
_bЧ-19
100 _aЧапай А.
_923311
245 _aThe Ukraine
_cАртем Чапай
260 _aЧернівці
_bКниги – ХХІ
_c2018
300 _a240 с.
520 _bУ тексті The Ukraine зумисне порушено кордон між художнім і документальним: одні його частини буквально відтворюють реальність, інші є витвором уяви. Чи кожен читач зрозуміє, які з них які? І чи має це значення? Зрештою, художній твір буває правдоподібніший за абсурдну дійсність. Фрагменти The Ukraine пов’язані дотично, як у пазлі, – а з їхньої сукупності рельєфно виринають обриси України початку двадцять першого століття. Чи the України, як іронізують герої.
650 _a821.161.2 Українська література
_941
942 _cBK
_2udc
955 _a3
999 _c579725
_d579725